00783nam a2200181 a 450000100100000000500170001000800410002704000250006808200220009324500270011526000410014230000360018359000260021971000420024595201200028795201770040799900170058400002817120200930031416.0110407s1982 dr ac r 000 0 spa d aDO-SdBNPbspacBNPHU axxxxbL697a, 198200aLibro del año 1982 . aSanto Domingo :b[Babeque],c[1982]. a112 P. :bil., retrs. ;c28 cm. aInventariado, 2018/BT2 aBabeque (Republica Dominicana)955170 0010718PDaPDbPDcHDd2011-04-07iLF1l0oxxxx L697a, 1982p28171-10r2020-06-25w2020-06-25yLFPDZNo se presta 0010718PDaPDbPDcHDd2018-05-07iLF1l0oxxxx L697a, 1982p28171-20r2020-06-25te. 2w2020-06-25yLFPDzPerteneció a la biblioteca de Bárbara Suncar.ZNo se presta c27663d27663